| 000 | 01426nam a22002177a 4500 | ||
|---|---|---|---|
| 999 |
_c59787 _d59787 |
||
| 003 | Ge_BSU | ||
| 005 | 20230419103354.0 | ||
| 008 | 230419s1951 ge ||||| |||| 00| 0 geo d | ||
| 041 | _ageo | ||
| 080 | _a930.2:003.071(=14)(479.22) ყ-36 | ||
| 100 |
_aყაუხჩიშვილი, თ. _917649 |
||
| 245 |
_aბერძნული წარწერები საქართველოში / _cთ. ყაუხჩიშვილი; რედ. სიმ. ყაუხჩიშვილი; საქართველოს სსრ მეცნიერებათა აკადემია. აკად. ივ. ჯავახიშვილის სახ. ისტორიის ინ-ტი. |
||
| 264 |
_aთბილისი : _bსაქ. სსრ მეცნ. აკად. გამ-ბა, _c1951. |
||
| 300 |
_a379 გვ. ; _b24 სმ. |
||
| 501 | _aსაკუთარ სახელთა საძიებელი, გვ. 364-376. | ||
| 504 | _aბიბლიოგრ. შენიშვნებში | ||
| 653 | _aბერძნული წარწერები საქართველოში | ||
| 700 |
_aყაუხჩიშვილი, სიმ. _eრედაქტორი _917670 |
||
| 856 |
_uhttps://dspace.nplg.gov.ge/bitstream/1234/321967/1/Berdznuli_Warwerebi_Saqartveloshi_1951.pdf _yელ. ვერსია. pdf |
||
| 942 |
_2udc _cBK |
||